01011nam a2200265Ia 450000100060000000300090000600800410001504000130005604000130006904100130008210000210009510000290011624000420014524000350018724500290022224500280025125000110027926000110029026000180030126000490031930000410036850002620040965000430067165000310071463404IT-RoPAU130308s9999 xx 000 0 und d aIT-RoPAU cIT-RoPAU aITALIANO aBaudrillard Jean gCodice Aut. SPICS: 9442 aAUTRE PAR LUI-MEME (L'). HABILITATION gCodice Tit. Orig. Spics: T0458 aAltro visto da sè€ (L') bAltro Visto da Se' (L') a1a ed. aGENOVA bCosta & Nolan c1987 [1° Ed.:1987 - Ed.Ling.Originale:1987] a"80 p. (prefazione: no ; testo: 80)" aEstasi della Comunicazione rituali della Trasparenza Metamorfosi Metafora Metastasi seduzione o gli Abissi Superficiali dal Sistema degli Oggetti al Destino dell'Oggetto Perche' la Teoria Comunicazione e Incomunicabilità€ Traduzione di Maria Teresa Carbone aSOCIOLOGIA DELLA COMUNICAZIONE SOCIALE eCodice materia Spics: 3806